000245835 001__ 245835
000245835 005__ 20260319130529.0
000245835 0247_ $$2doi$$a10.1016/j.nima.2020.164930
000245835 0247_ $$2ISSN$$a0168-9002
000245835 0247_ $$2ISSN$$a1872-9576
000245835 0247_ $$2WOS$$aWOS:000611928700021
000245835 0247_ $$2arXiv$$aarXiv:2009.05770
000245835 0247_ $$2altmetric$$aaltmetric:90095359
000245835 037__ $$aGSI-2022-00137
000245835 041__ $$aEnglish
000245835 082__ $$a530
000245835 088__ $$2arXiv$$aarXiv:2009.05770
000245835 1001_ $$00000-0002-9398-746X$$aYoshida, J.$$b0
000245835 245__ $$aCNN-based event classification of alpha-decay events in nuclear emulsion
000245835 260__ $$aAmsterdam$$bNorth-Holland Publ. Co.$$c2021
000245835 3367_ $$2DRIVER$$aarticle
000245835 3367_ $$2DataCite$$aOutput Types/Journal article
000245835 3367_ $$0PUB:(DE-HGF)16$$2PUB:(DE-HGF)$$aJournal Article$$bjournal$$mjournal$$s1649058643_13951
000245835 3367_ $$2BibTeX$$aARTICLE
000245835 3367_ $$2ORCID$$aJOURNAL_ARTICLE
000245835 3367_ $$00$$2EndNote$$aJournal Article
000245835 536__ $$0G:(DE-HGF)POF4-612$$a612 - Cosmic Matter in the Laboratory (POF4-612)$$cPOF4-612$$fPOF IV$$x0
000245835 588__ $$aDataset connected to CrossRef, Journals: repository.gsi.de
000245835 650_7 $$2autogen$$a00-01
000245835 650_7 $$2autogen$$a99-00
000245835 650_7 $$2autogen$$aMachine learning
000245835 650_7 $$2autogen$$aCNN
000245835 650_7 $$2autogen$$aNuclear emulsion
000245835 650_7 $$2autogen$$aAlpha-decay
000245835 650_7 $$2autogen$$aDouble hypernucleus
000245835 693__ $$0EXP:(DE-Ds200)External_experiment-20200803$$1EXP:(DE-Ds200)other-20200803$$5EXP:(DE-Ds200)External_experiment-20200803$$aother$$eExternal experiment at external facility/ no experiment at GSI (POF3; other)$$x0
000245835 7001_ $$00000-0003-3507-1469$$aEkawa, H.$$b1
000245835 7001_ $$00000-0003-3924-6713$$aKasagi, A.$$b2
000245835 7001_ $$aNakagawa, M.$$b3
000245835 7001_ $$aNakazawa, K.$$b4
000245835 7001_ $$aSaito, N.$$b5
000245835 7001_ $$00000-0002-7118-7349$$aSaito, T. R.$$b6
000245835 7001_ $$aTaki, M.$$b7
000245835 7001_ $$00000-0002-4667-0718$$aYoshimoto, M.$$b8
000245835 773__ $$0PERI:(DE-600)1466532-3$$a10.1016/j.nima.2020.164930$$gVol. 989, p. 164930 -$$p164930$$tNuclear instruments & methods in physics research / A$$v989$$x0168-9002$$y2021
000245835 909CO $$ooai:repository.gsi.de:245835$$pVDB
000245835 9101_ $$0I:(DE-Ds200)20121206GSI$$60000-0002-7118-7349$$aGSI Helmholtzzentrum für Schwerionenforschung GmbH$$b6$$kGSI
000245835 9131_ $$0G:(DE-HGF)POF4-612$$1G:(DE-HGF)POF4-610$$2G:(DE-HGF)POF4-600$$3G:(DE-HGF)POF4$$4G:(DE-HGF)POF$$aDE-HGF$$bForschungsbereich Materie$$lMatter and the Universe$$vCosmic Matter in the Laboratory$$x0
000245835 9141_ $$y2021
000245835 915__ $$0StatID:(DE-HGF)0420$$2StatID$$aNationallizenz$$d2021-01-29$$wger
000245835 915__ $$0StatID:(DE-HGF)0100$$2StatID$$aJCR$$bNUCL INSTRUM METH A : 2019$$d2021-01-29
000245835 915__ $$0StatID:(DE-HGF)0200$$2StatID$$aDBCoverage$$bSCOPUS$$d2021-01-29
000245835 915__ $$0StatID:(DE-HGF)0300$$2StatID$$aDBCoverage$$bMedline$$d2021-01-29
000245835 915__ $$0StatID:(DE-HGF)0600$$2StatID$$aDBCoverage$$bEbsco Academic Search$$d2021-01-29
000245835 915__ $$0StatID:(DE-HGF)0030$$2StatID$$aPeer Review$$bASC$$d2021-01-29
000245835 915__ $$0StatID:(DE-HGF)0199$$2StatID$$aDBCoverage$$bClarivate Analytics Master Journal List$$d2021-01-29
000245835 915__ $$0StatID:(DE-HGF)0160$$2StatID$$aDBCoverage$$bEssential Science Indicators$$d2021-01-29
000245835 915__ $$0StatID:(DE-HGF)1160$$2StatID$$aDBCoverage$$bCurrent Contents - Engineering, Computing and Technology$$d2021-01-29
000245835 915__ $$0StatID:(DE-HGF)1150$$2StatID$$aDBCoverage$$bCurrent Contents - Physical, Chemical and Earth Sciences$$d2021-01-29
000245835 915__ $$0StatID:(DE-HGF)0113$$2StatID$$aWoS$$bScience Citation Index Expanded$$d2021-01-29
000245835 915__ $$0StatID:(DE-HGF)0150$$2StatID$$aDBCoverage$$bWeb of Science Core Collection$$d2021-01-29
000245835 915__ $$0StatID:(DE-HGF)9900$$2StatID$$aIF < 5$$d2021-01-29
000245835 920__ $$lyes
000245835 9201_ $$0I:(DE-Ds200)FRS-20110310OR124$$kFRS$$lFRS / SFRS Experimente$$x0
000245835 9201_ $$0I:(DE-Ds200)Coll-FAIR-SuperFRS-EC$$kSuperFRS-EC@FAIR$$lSuperFRS Experiment Collaboration$$x1
000245835 980__ $$ajournal
000245835 980__ $$aVDB
000245835 980__ $$aUNRESTRICTED
000245835 980__ $$aI:(DE-Ds200)FRS-20110310OR124
000245835 980__ $$aI:(DE-Ds200)Coll-FAIR-SuperFRS-EC